LEADER 01026nam a2200229 u 4500 001 000000109841 003 CaOOAMICUS 005 20080218135825.0 008 080218s1955 it u000 u ita u 040 $aPUL$bita$dMCT 110 1 $aItalia.$bParlamento.$bCamera dei deputati.$0(OLS)http://pul/name/1279 245 10$aManuale parlamentare /$cCamera dei Deputati Senato della Repubblica. 260 $aRoma :$bTipografia della Camera dei Deputati,$c1955. 300 $aVIII, 907 p. ;$c20 cm. 500 $aIn testa al front.: "Legislatura II". 650 4$aParlamenti$zItalia.$0(OLS)http://pul/subject/20358 710 1 $aItalia.$bParlamento.$bSenato.$0(OLS)http://pul/name/16352 850 $aPUL 852 $aPUL$W1$xDP1 Cons. Gen., Altre Classi 1$y22$m829 D 34$j125765$qStampati$B124493$CPULBib$Z2$F124493 $H26936 $82 941 1 $a8 996 $6245$aManuale parlamentare$9(OLS)http://pul/title/138129 996 $6260$aRoma :$bTipografia della Camera dei Deputati$9(OLS)http://pul/publisher/48659 LEADER 01778namaa2200397 i 4500 001 000000178244 003 CaOOAMICUS 005 20251202115314.0 007 tu 008 251202s2002 it 000 u ita r 020 $a88-384-6546-0* 040 $aPUL$bita$erda 082 0 $a282.092 100 1 $aGaeta, Saverio,$d1958-,$eautore.$0(OLS)http://pul/name/34157 245 13$aIl Segreto di Madre Teresa :$b il diario e le lettere inedite dei colloqui con Gesł riportati alla luce dal processo di beatificazione /$cSaverio Gaeta . 250 $a1.edizione 2002 264 4$c©2002. 264 1$aCasale Monferrato :$bPiemme,$c[2002] 300 $a195 pagine ;$c22 cm 336 $atesto$btxt$2rdacontent 337 $asenza mediazione$bn$2rdamedia 338 $avolume$bnc$2rdacarrier 600 04$aTheresia a Calcutta,$cs.,$d1910-1997.$0(OLS)http://pul/subject/39291 850 $aPUL 852 $aPUL$W1$xDP1 Fondo Liberati$y125$m2 I 16$j202113$qFondi$B207337$CPULBib$Z2$F207337 $HLib229 $82 941 1 $a1 960 $aTeresa di Calcutta,$cs.,$d1910-1997$939291 960 $aGonhxa Bojaxhiu, Agnes,$d1910-1997$939291 960 $aTeresia a Calcutta,$csanta,$d1910-1997$939291 960 $aMadre Teresa di Calcutta,$cs.,$d1910-1997$939291 996 $6020$a88-384-6546-0*$9(OLS)http://pul/number/170689 996 $6082$a282.092$9(OLS)http://pul/classification/402 996 $6245$aIl Segreto di Madre Teresa :$b il diario e le lettere inedite dei colloqui con Gesł riportati alla luce dal processo di beatificazione$9(OLS)http://pul/title/219810 996 $6264$aCasale Monferrato :$bPiemme$9(OLS)http://pul/publisher/51813 996 $6264$a[S.l.] :$b[s.n.]$9(OLS)http://pul/publisher/0